00402nam a2200145Ia 4500003000400000005001700004008004000021040000700061041001200068082001600080100005900096245005600155260003700211300000800248OSt20250204094212.0210210b1969 xxu||||| |||| 00| 0 eng d cAL aKannada aK894.3 RAMA aRAMARAV (T K).dರಾಮರಾವ್ (ಟಿ ಕೆ)  aAsareya Bombebಆಸರೆಯ ಬೊಂಬೆ  aBengalurubHemanta Sahityac1969 a264